000 01981nam0a2200457 4500
001 RU\NLR\bibl\1254592
005 20260405161332.0
010 _a978-5-9614-0723-5
_93000
021 _aRU
_b2008-41599
_92299
035 _a(nilc)IZD\Alpina\2007\A71227
035 _a(NLR Aleph) 001240644
090 _a256623
_c256623
100 _a20080428d2008 |||y0rusy50 ca
101 1 _arus
_cfre
102 _aRU
105 _aa |||||||||
200 1 _aКто создал Auchan, Atac, Leroy Merlin?
_eсекреты семьи Мюлье
_fБертран Гобен
_gпер. с фр. [О. Чувировой
_gред. Л. Мордвинцева]
210 _aМосква
_cАльпина Бизнес Букс
_d2008
215 _a262, [1] с.
_cил., портр.
_d21
225 1 _aБиблиотека France Informatique & Technologie
300 _aЗагл. и авт. ориг.: Le Secret de Mulliez / Bertrand Gobin
454 0 _12001#$aLe Secret de Mulliez$fBertrand Gobin
_1700#1$3RU\NLR\auth\7767869$7ba$aGobin$bB.$gBertrand$4070
_tLe Secret de Mulliez
_aGobin, Bertrand
601 0 2 _aАшан, компания
_92610246
_3RU\NLR\auth\661546804
602 _aМюлье (семья)
_92610247
_3RU\NLR\auth\661546805
686 _a0094
_aБизнес. Предпринимательство
_2TCC-BG
686 _a00948
_aКорпорации
_2TCC-BG
686 _a0098
_aОтраслевая экономика
_2TCC-BG
686 _aУ42(4Фр)121.12
686 _aУ9(4Фр)-13
686 _a65.291
_vLBC/PL
686 _a65.421
_vLBC/PL
700 1 _4070
_8rus
_7ca
_aГобен
_bБ.
_gБертран
_3RU\NLR\auth\7767834
_950762
722 _4570
_8rus
_aМюлье (семья)
_7ca
_3RU\NLR\AUTH\7767835
_950763
801 0 _aRU
_bЛИБНЕТ
_c20080428
801 1 _aRU
_bЦУНБ Москва
_c20080603
_2rusmarc
801 2 _aRU
_bNLR
_c20080721
_grcr
830 _aCODE_OF_LIBNET\000008090
942 _cBOOK
980 _aNB